Francis Caamaño / (Registro nro. 13448)
[ vista simple ]
| 000 -LIDER | |
|---|---|
| fixed length control field | 01303nam a2200253 a 4500 |
| 001 - NÚMERO DE CONTROL | |
| Identificador de número de control | |
| 003 - IDENTIFICACDOR DE NÚMERO DE CONTROL | |
| control field | DO-SdBNP |
| 005 - DATE AND TIME OF LATEST TRANSACTION | |
| control field | 20211026112751.0 |
| 007 - CAMPOS FIJOS DE DESCRIPCIÓN FÍSICA | |
| fixed length control field | 000044163 |
| 008 - ELEMENTOS DE LONGITUD FIJA | |
| fixed length control field | 140603s1983 dr a 000 0 spa d |
| 040 ## - FUENTE DE CATALOGACIÓN | |
| Agencia que crea de manera original el registro | BPMSU |
| Idioma de catalogación | spa |
| Agencia que realiza la transcripción | BPMSU |
| 082 ## - NÚMERO DE CLASIFICACIÓN DECIMAL DE DEWEY | |
| Classification number | 923.27293 |
| Item number | C111H 1983 |
| Edition number | 22 |
| 100 1# - ASIENTO PRINCIPAL -- NOMBRE PERSONAL | |
| Nombre personal | Hermann, Hamlet |
| Fechas asociadas con el nombre | 1934-2016 |
| 245 10 - MENCIÓN DE TITULO | |
| Título | Francis Caamaño / |
| Mención de responsabilidad | Hamlet Hermann |
| Subtítulo | |
| 260 ## - PUBLICACIÓN, DISTRIBUCIÓN, ETC. (PIE DE IMPRENTA) | |
| Lugar de publicación, distribución, etc | Santo Domingo : |
| Nombre del editor, distribuidor, etc. | Alfa y Omega, |
| Fecha de publicación, distribución, etc | 1983 |
| 300 ## - DESCRIPCIÓN FÍSICA | |
| Extensión | 465, [7] p. : |
| Otros detalles físicos | il., retrs. ; |
| Dimensiones | 23 cm. |
| 500 ## - NOTA GENERAL | |
| Nota general | Incluye índice |
| 505 ## - NOTA DE CONTENIDO | |
| Texto normalizado de contenido | Origen de la familia Caamaño -- El oficial Caamaño Medina -- Francis inicia la carrera militar -- Paréntesis histórico -- Consejo de Estado -- Palma Sola -- Gobierno constitucional y cuartelazo -- Militares constitucionalistas -- Guerra civil -- Guerra patriótica -- Negociación y agresión -- La Academia Militar 24 de Abril -- Continúan las negociaciones -- Caamaño renuncia a la presidencia de la República -- Epílogo al conflicto armado -- Hotel Matum -- Londres 1966 y 1967 -- En Cuba (de 1967 a 1970) -- En Cuba (desde 1970) -- Repatriación. |
| 590 ## - NOTA LOCAL | |
| Enlace | Inventariado, 2021/VM |
| 600 14 - ENCABEZAMIENTO DE MATERIA--NOMBRE PERSONAL | |
| Nombre personal | Caamaño Deñó, Francisco Alberto |
| Fechas asociadas con el nombre | 1932-1973 |
| 651 #4 - ENCABEZAMIENTO DE MATERIA--NOMBRE GEOGRÁFICO | |
| Nombre geográfico | República Dominicana |
| Subdivisión temática general | Historia |
| Subdivisión de forma | Revolución, 1965 |
| 910 ## - VALIDACIÓN | |
| Validación | VMateo V: |
| 942 ## - ADDED ENTRY ELEMENTS (KOHA) | |
| Source of classification or shelving scheme | Dewey Decimal Classification |
| Koha item type | Libros |
| Withdrawn status | Lost status | Source of classification or shelving scheme | Damaged status | Not for loan | Collection code | Home library | Current library | Date acquired | Full call number | Barcode | Date last seen | Price effective from | Koha item type | Copy number |
|---|---|---|---|---|---|---|---|---|---|---|---|---|---|---|
| Dewey Decimal Classification | Colección Dominicana | Biblioteca Pública Metropolitana Salomé Ureña | Biblioteca Pública Metropolitana Salomé Ureña | 05/04/2021 | BPMSU CD 923.27293 C111H 1983 | BPMSU21050001 | 05/04/2021 | 05/04/2021 | Libros | |||||
| Dewey Decimal Classification | Biblioteca Pública Metropolitana Salomé Ureña | Biblioteca Pública Metropolitana Salomé Ureña | 10/26/2021 | BPMSU CD 923.27293 C111H 1983 | BPMSU21100150 | 10/26/2021 | 10/26/2021 | Libros | e.2 |